Информационный анализ в совместной задаче непрерывно-дискретной фильтрации и обобщенной экстраполяции; Ч. II; Эффективность наблюдений с памятью и оптимальная передача стохастических процессов; Известия Томского политехнического университета [Известия ТПУ]; Т. 317, № 5 : Управление, вычислительная техника и информатика

التفاصيل البيبلوغرافية
Parent link:Известия Томского политехнического университета [Известия ТПУ]/ Томский политехнический университет (ТПУ).— , 2000-
Т. 317, № 5 : Управление, вычислительная техника и информатика.— 2010.— [С. 12-15]
المؤلف الرئيسي: Демин Н. С. Николай Серапионович
مؤلفون آخرون: Рожкова С. В. Светлана Владимировна, Рожкова О. В. Ольга Владимировна
الملخص:Заглавие с титульного листа
Электронная версия печатной публикации
Исследуется проблема информационной эффективности и оптимальной передачи стохастических сигналов по непрерывно-дискретным каналам с памятью в совместной задаче фильтрации и экстраполяции. Основные результаты заключаются в получении формул, определяющих эффективную глубину памяти, кодирующие и декодирующие функционалы.
اللغة:الروسية
منشور في: 2010
سلاسل:Управление, вычислительная техника и информатика
الموضوعات:
الوصول للمادة أونلاين:http://www.lib.tpu.ru/fulltext/v/Bulletin_TPU/2010/v317/i5/02.pdf
التنسيق: MixedMaterials الكتروني فصل الكتاب
KOHA link:https://koha.lib.tpu.ru/cgi-bin/koha/opac-detail.pl?biblionumber=193697

MARC

LEADER 00000nla2a2200000 4500
001 193697
005 20231226102852.0
035 |a (RuTPU)RU\TPU\book\211244 
035 |a RU\TPU\book\211243 
090 |a 193697 
100 |a 20110328d2010 k y0rusy50 ca 
101 0 |a rus 
102 |a RU 
135 |a drnn ---uucaa 
181 0 |a i  
182 0 |a b 
200 1 |a Информационный анализ в совместной задаче непрерывно-дискретной фильтрации и обобщенной экстраполяции  |h Ч. II  |i Эффективность наблюдений с памятью и оптимальная передача стохастических процессов  |f Н. С. Демин, С. В. Рожкова, О. В. Рожкова 
203 |a Текст  |c электронный 
215 |a 1 файл (108 Кб) 
225 1 |a Управление, вычислительная техника и информатика 
300 |a Заглавие с титульного листа 
300 |a Электронная версия печатной публикации 
320 |a [Библиогр.: с. 15 (3 назв.)] 
330 |a Исследуется проблема информационной эффективности и оптимальной передачи стохастических сигналов по непрерывно-дискретным каналам с памятью в совместной задаче фильтрации и экстраполяции. Основные результаты заключаются в получении формул, определяющих эффективную глубину памяти, кодирующие и декодирующие функционалы. 
337 |a Adobe Reader 
461 1 |0 (RuTPU)RU\TPU\book\176237  |t Известия Томского политехнического университета [Известия ТПУ]  |f Томский политехнический университет (ТПУ)  |d 2000- 
463 1 |0 (RuTPU)RU\TPU\book\210457  |x 1684-8519  |t Т. 317, № 5 : Управление, вычислительная техника и информатика  |v [С. 12-15]  |d 2010  |p 228 с. 
610 1 |a сигналы 
610 1 |a стохастические системы 
610 1 |a фильтрация 
610 1 |a экстраполяция 
610 1 |a информация 
610 1 |a труды учёных ТПУ 
610 1 |a электронный ресурс 
700 1 |a Демин  |b Н. С.  |g Николай Серапионович 
701 1 |a Рожкова  |b С. В.  |c математик  |c профессор Томского политехнического университета, доктор физико-математических наук  |f 1971-  |g Светлана Владимировна  |3 (RuTPU)RU\TPU\pers\25740  |9 11642 
701 1 |a Рожкова  |b О. В.  |c математик  |c доцент Томского политехнического университета, кандидат физико-математических наук  |f 1966-  |g Ольга Владимировна  |3 (RuTPU)RU\TPU\pers\25739  |9 11641 
801 1 |a RU  |b 63413507  |c 20090623  |g PSBO 
801 2 |a RU  |b 63413507  |c 20211224  |g PSBO 
856 4 |u http://www.lib.tpu.ru/fulltext/v/Bulletin_TPU/2010/v317/i5/02.pdf 
942 |c CF